Medzinárodné porovnanie krajín Európskej únie na základe vybraných makroekonomických ukazovateľov diplomová práca
Guardado en:
| Autor principal: | |
|---|---|
| Autor Corporativo: | |
| Otros Autores: | |
| Formato: | Libro |
| Lenguaje: | eslovaco |
| Publicado: |
Bratislava
2011
|
| Etiquetas: |
Sin Etiquetas, Sea el primero en etiquetar este registro!
|
MARC
| LEADER | 00000nbm a2200000 4500 | ||
|---|---|---|---|
| 001 | 0140935 | ||
| 005 | 20161109102000.9 | ||
| 041 | 0 | |a slo | |
| 044 | |a SK | ||
| 245 | 1 | 0 | |a Medzinárodné porovnanie krajín Európskej únie na základe vybraných makroekonomických ukazovateľov |b diplomová práca |c Katarína Halasová ; školiteľ: Ľubica Hurbánková |
| 264 | 1 | |a Bratislava |c 2011 | |
| 300 | |a 75 s. | ||
| 100 | 1 | |a Halasová, Katarína | |
| 700 | 1 | |a Hurbánková, Ľubica, 1980- | |
| 710 | 2 | |a Fakulta hospodárskej informatiky EU. Katedra štatistiky | |